Dutch Logo Quiz! - Statistics

General Stats
  • This quiz has been taken 90 times
    88 since last reset
  • The average score is 11 of 23
Answer Stats
Picture Answer % Correct
Shell
97%
Heineken
89%
Unilever
87%
ING
74%
Philips
70%
KLM
67%
Mentos
62%
Amstel
49%
Daf
49%
Aegon
41%
KPMG
41%
Rabobank
41%
Abn Amro
38%
Randstad
37%
KPN
36%
TNT
36%
TomTom
33%
Campina
29%
Grolsch
25%
Booking.com
21%
Lebara
20%
Akzonobel
17%
Ahold
14%
No matching quizzes found
Score Distribution
Percent of People with Each Score
Percentile by Number Answered
Your Score History
You have not taken this quiz since the last reset